000
00214nam a2200097Ia 4500
005
20251222114353.0
008
251222s1900||||xx |||||||||||||| ||spa||
082
_a
DVD0070/P26/1980
245
0
_a
Fama:Fame
942
_c
DVD
999
_c
1306
_d
1306